000
00304 a2200121 4500
001
63292
040
_c
Anchieta - Pituba
240
1
0
_a
1ª Avaliação de Geografia, II unidade
_l
por
245
1
0
_a
1ª Avaliação de Geografia, II unidade
362
0
_a
2017
650
4
_a
Geografia e História
942
_c
BK
999
_c
63292
_d
63292